01577cam a2200397 i 450000100090000000300040000900500170001300800410003001000170007102000180008802000360010602000330014202000410017502000380021604000280025404200080028205000230029008200150031324502690032825000240059726400340062130000580065533600260071333700280073933800270076750000200079465000250081465000350083970000210087470000300089570000210092590600450094694200360099195201350102799900170116219393647OSt20230923154755.0161202s2018 mau 001 0 eng  a 2016055262 a9789353060411 a9780134438986 (student edition) a0134438981 (student edition) a9780134439099 (instructor's edition) a0134438981 (instructor's edition) aDLCbengcDLCerdadDLC apcc00aQA303.2b.W45 201800a515bHAS/T00aThomas' calculus /cbased on the original work by George B. Thomas, Jr., Massachusetts Institute of Technology, as revised by Joel Hass, University of California, Davis, Christopher Heil, Georgia Institute of Technology, Maurice D. Weir, Naval Postgraduate School. aFourteenth edition. 1a[Boston?] :bPearson,c[2018] a1 volume (various pagings) :billustratrions ;c29 cm atextbtxt2rdacontent aunmediatedbn2rdamedia avolumebnc2rdacarrier aIncludes index. 0aCalculusvTextbooks. 0aGeometry, AnalyticvTextbooks.1 aHass, Joel995881 aHeil, Christopher,d1960-1 aWeir, Maurice D. a7bcbccorignewd1eecipf20gy-gencatlg 2ddccBKh515iHAS/Tk515mHAS/T 00102ddc40708MATHEMATICSaMESbMEScMATd2023-09-23l0o515 HAS/Tp42603r2023-09-23 15:48:25v1100.00w2023-09-23yBKzGL24R1 c42310d42310